000 00523nam a2200157 4500
001 145487
003 ES-MaACL
007 t|
008 070214s1983 xxu r ||||1| spa d
100 1 _aSpiegel, Murray R.
_9107717
245 1 0 _aEcuaciones diferenciales aplicadas /
_cMurray R. Spiegel ; traducción de Henry Rivera García.
260 _aEnglewood Cliffs (USA) :
_bPrentice Hall,
_c1983.
300 _aXIX, 668 p. :
_bil. ;
_c24 cm.
700 1 _aRivera García, Henry.
_997652
852 _aES-MaACL
_jL-5842
_bR.106276
999 _c145487
_d145487